Economic context of collective bargaining and its impact on business expense optimisation

Zhodnotenie ekonomických súvislostí kolektívneho vyjednávania a možnosti jeho vplyvu na optimalizáciu podnikových nákladov v podmienkach slovenských podnikov, prostredníctvom rozšírenia nadlimitmých daňových výdavkov.

Gespeichert in:
Bibliographische Detailangaben
1. Verfasser: Olšovská, Andrea
Weitere Verfasser: Švec, Marek, Madleňák, Adam
Format: Buchkapitel
Sprache:Slowakisch
Schlagworte:
Tags: Tag hinzufügen
Keine Tags, Fügen Sie das erste Tag hinzu!

MARC

LEADER 00000nla a2200000 4500
001 0229446
005 20240417075114.3
041 0 |a slo 
044 |a SK 
245 1 0 |a Economic context of collective bargaining and its impact on business expense optimisation  |c Andrea Olšovská, Marek Švec, Adam Madleňák 
520 |a Zhodnotenie ekonomických súvislostí kolektívneho vyjednávania a možnosti jeho vplyvu na optimalizáciu podnikových nákladov v podmienkach slovenských podnikov, prostredníctvom rozšírenia nadlimitmých daňových výdavkov. 
610 2 0 |a vyjednávanie kolektívne 
610 2 0 |a kapitál ľudský 
610 2 0 |a náklady práce jednotkové 
610 2 0 |a výdavky daňové 
610 2 0 |a optimalizácia 
610 2 0 |a zákonník práce 
610 2 0 |a Slovensko 
100 1 |a Olšovská, Andrea 
700 1 |a Švec, Marek 
700 1 |a Madleňák, Adam